El Románico en el Berguedá / [textos: geográfico y descriptivo: F. Gurri Serra, histórico y arqueológico: A. Pladevall Font] geográfico y descriptivo:
Descripción Física:
45 p. : il. col. ; 21 cm
Otros Autores:
Pladevall i Font, Antoni, 1934-
MARC
| LEADER | 00000nam a2200000Ia 4500 | ||
|---|---|---|---|
| 001 | 15664 | ||
| 008 | 160829s9999 xx 000 0 cat d | ||
| 080 | |a FU-39-32 | ||
| 100 | |a Gurri i Serra, Francesc |9 49010 | ||
| 245 | |a El Románico en el Berguedá / [textos: |b geográfico y descriptivo: |b F. Gurri Serra, histórico y arqueológico: |b A. Pladevall Font] | ||
| 260 | |a [Barcelona] : |b Diputación Provincial de Barcelona, Comisión de Turismo, [19--?] | ||
| 300 | |a 45 p. : |b il. col. ; |c 21 cm | ||
| 490 | |a Rutas turísticas de la provincia de Barcelona ; 1 | ||
| 650 | |a Ermites |x Berguedà |x Guies |9 34430 | ||
| 650 | |a Art romànic |x Berguedà |x Guies |9 34431 | ||
| 700 | 1 | |a Pladevall i Font, Antoni, |d 1934- |9 52806 | |
| 901 | |a Arxiu | ||
| 942 | |n 1 | ||
| 952 | |0 0 |1 0 |4 0 |6 FU3932 |7 1 |9 46507 |a Arxiu |b Arxiu |d 2016-12-01 |l 0 |o FU-39-32 |p 15664 |r 2016-12-01 00:00:00 |w 2016-12-01 |y ARXIU | ||
| 999 | |c 50298 |d 50298 | ||